[Event "Tourn. n8304"]
[Site "www.chess-mail.com"]
[Date "2015.07.20"]
[Round "1"]
[White "Vitoriccardo"]
[Black "Zazi"]
[WhiteElo "1710"]
[BlackElo "1630"]
[Result "1-0"]
[Round "1"]
1.e4 e5
2.Ng1f3 d6
3.d4 f6
4.dxe5 dxe5
5.Nf3xe5 fxe5
6.Qd1h5 Kd7
7.Qh5xe5 Nb8c6
8.Bf1b5 Qd8e7
9.Qe5d5 Qe7d6
10.O-O Ke7
11.Bc1g5 Ng8f6
12.Rf1e1 Nc6d8
13.Qd5xd6 Kxd6
14.e5 Kc5
15.exf6 Kxb5
16.fxg7 Bf8xg7
17.Nb1a3 Ka4
18.Re1e4 Ka5
19.Ra1d1 Nd8f7
20.Rd1d5 Ka6
21.Re4a4 Kb6
22.Bg5e3 Kc6
23.Rd5c5 Kd7
24.Na3b5 c6
25.Nb5d4 Bg7xd4
26.Be3xd4 Rh8e8
27.Kf1 b6
28.Rc5f5 Nf7d6
29.Rf5h5 Kc7
30.Bd4e5 Re8e7
31.Ra4d4 Bc8a6
32.c4 Ra8d8
33.Be5f6 Ba6xc4
34.Rd4xc4 Nd6xc4
35.Bf6xe7 Rd8e8
36.Rh5xh7 Kc8
37.Be7b4 c5
38.Bb4c3 a5
39.Rh7h8 Re8xh8
40.Bc3xh8 b5
41.Ke2 a4
42.Kd3 Kd7
43.h4 b4
44.Kxc4 Kc6
45.h5 Kb6
46.h6 b3
47.axb3 axb3
48.h7 Ka5
49.Bh8e5 Ka4
50.h8Q Ka5
51.Be5c7 Ka6
52.Qh8c8 Ka7
53.Qc8b8 Ka6
54.Qb8b6 
1-0

[Event "Tourn. n8173"]
[Site "www.chess-mail.com"]
[Date "2015.07.20"]
[Round "1"]
[White "Juantonio"]
[Black "Knightjumper"]
[WhiteElo "1930"]
[BlackElo "1810"]
[Result "1-0"]
[Round "1"]
1.e4 Ng8f6
2.Nb1c3 d6
3.Bf1c4 e5
4.Ng1e2 Bf8e7
5.d3 Nb8c6
6.O-O a6
7.a3 O-O
8.f4 exf4
9.Ne2xf4 Nc6e5
10.Bc4a2 c5
11.Nf4d5 Nf6xd5
12.Ba2xd5 Ra8b8
13.Kh1 Be7f6
14.Qd1h5 g6
15.Qh5h6 Bf6g7
16.Qh6f4 Qd8e7
17.Bd5b3 Bc8e6
18.Nc3d5  { time }
1-0

[Event "Tourn. n8285"]
[Site "www.chess-mail.com"]
[Date "2015.07.20"]
[Round "1"]
[White "Louis"]
[Black "Iko"]
[WhiteElo "1680"]
[BlackElo "1480"]
[Result "1-0"]
[Round "1"]
1.e4 e5
2.Ng1f3 d6
3.d4 Nb8c6
4.Bf1b5 Bc8d7
5.Nb1c3 Qd8f6
6.d5 Nc6b4
7.Bb5xd7 Kxd7
8.O-O Ng8h6
9.Qd1e2 a5
10.Bc1g5 Qf6g6
11.Qe2b5 Kc8
12.Qb5e8 
1-0

[Event "Tourn. n8218"]
[Site "www.chess-mail.com"]
[Date "2015.07.20"]
[Round "1"]
[White "Julianlore"]
[Black "Groz"]
[WhiteElo "2029"]
[BlackElo "2010"]
[Result "1-0"]
[Round "1"]
1.e4 g6
2.d4 Bf8g7
3.Nb1c3 e6
4.Ng1f3 Ng8e7
5.Bf1c4 O-O
6.O-O d5
7.Bc4b3 a6
8.Bc1g5 f6
9.Bg5d2 Nb8c6
10.Qd1e2 Ra8b8
11.Rf1e1 Rf8e8
12.exd5 exd5
{ time. }
1-0

[Event "Tourn. n8165"]
[Site "www.chess-mail.com"]
[Date "2015.07.20"]
[Round "1"]
[White "Anja"]
[Black "Oliverio"]
[WhiteElo "1670"]
[BlackElo "1640"]
[Result "0-1"]
[Round "1"]
1.d4 Ng8f6
2.Ng1f3 d5
3.Bc1f4 Bc8f5
4.e3 e6
5.Nb1d2 c6
6.Nf3e5 Nb8d7
7.Nd2f3 Bf8e7
8.Bf1d3 Nf6e4
9.Ne5xd7 Qd8xd7
10.Nf3e5 Qd7d8
11.f3 Ne4d6
12.O-O f6
13.Bd3xf5 Nd6xf5
14.e4 Nf5d6
15.Ne5d3 O-O
16.Nd3c5 Qd8c8
17.Qd1e1 b6
18.Nc5d3 c5
19.c3 Qc8c6
20.exd5 Qc6xd5
21.Qe1g3 Nd6f5
22.Qg3g4 cxd4
23.Ra1d1 Qd5xa2
24.cxd4 Nf5xd4
25.Rf1e1 e5
26.Bf4e3 Nd4c2
27.Re1e2 Nc2xe3
28.Re2xe3 Qa2b3
29.f4 Be7c5
30.Rd1e1 Qb3xd3
31.Qg4e2 Qd3xe2
 { time }
0-1

[Event "Tourn. n8181"]
[Site "www.chess-mail.com"]
[Date "2015.07.20"]
[Round "1"]
[White "Birdchess"]
[Black "Anja"]
[WhiteElo "1720"]
[BlackElo "1640"]
[Result "0-1"]
[Round "1"]
1.c4 e5
2.Nb1c3 Nb8c6
3.g3 Bf8c5
4.Bf1g2 g6
5.d3 f5
6.Ng1f3 d6
7.O-O h6
8.a3 Ng8f6
9.b4 Bc5d4
10.Nf3xd4 Nc6xd4
11.Bc1b2 O-O
12.Nc3d5 c6
13.Nd5xf6 { time. }
0-1

[Event "Tourn. n8231"]
[Site "www.chess-mail.com"]
[Date "2015.07.20"]
[Round "1"]
[White "Wegaman"]
[Black "Bojan"]
[WhiteElo "1920"]
[BlackElo "1920"]
[Result "1/2-1/2"]
[Round "1"]
1.d4 g6
2.c4 Bf8g7
3.Nb1c3 c6
4.Bc1f4 d6
5.Ng1f3 Qd8b6
6.Qd1d2 Ng8f6
7.e3 Nf6h5
8.Bf1e2 Nh5xf4
9.exf4 Nb8d7
10.O-O Nd7f6
11.Rf1e1 Qb6a5
12.Ra1c1 Bc8f5
13.Nf3h4 Nf6e4
14.Qd2e3 Ne4xc3
15.Nh4xf5 gxf5
16.Rc1xc3 Kd7
17.Be2h5 e5
18.dxe5 dxe5
19.Rc3d3 Ke6
20.c5 Ra8d8
21.Rd3a3 Qa5b4
22.Ra3b3 Qb4d2
23.Qe3xd2 Rd8xd2
24.Rb3xb7 Rh8f8
25.Rb7xa7 Rd2xb2
26.Ra7a6 Rf8c8
27.Ra6a7 Kd5
28.Ra7xf7 Bg7f8
29.Rf7xf5 Kxc5
30.Rf5xe5 Kb6
31.a4 Rb2a2
32.Bh5g4 Rc8d8
33.Re1b1 Kc7
34.a5 Bf8b4
35.g3 Bb4xa5
36.Re5e7 { draw }
1/2-1/2

[Event "Tourn. n8212"]
[Site "www.chess-mail.com"]
[Date "2015.07.20"]
[Round "1"]
[White "Boyc"]
[Black "Farnation"]
[WhiteElo "1499"]
[BlackElo "1050"]
[Result "0-1"]
[Round "1"]
1.e4 e5
2.f4 exf4
3.Ng1f3 Ng8f6
4.e5 Nf6d5
5.c4 Nd5b4
6.d4 Nb8c6
7.Bc1xf4 g5
8.Bf4xg5 Bf8e7
9.Bg5xe7 Qd8xe7
10.a3 Nb4a6
11.Nb1c3 d6
12.Nc3d5 Qe7e6
13.Nd5f6 Ke7
14.d5 Qe6f5
15.Bf1d3 Qf5g4
16.Nf6xg4 Bc8xg4
17.exd6 cxd6
18.dxc6 bxc6
19.O-O Ra8g8
20.Qd1a4 Na6c5
21.Qa4xa7 Kf6
 { time }
0-1

[Event "Tourn. n8212"]
[Site "www.chess-mail.com"]
[Date "2015.07.20"]
[Round "1"]
[White "Boyc"]
[Black "Cl3537"]
[WhiteElo "1499"]
[BlackElo "1340"]
[Result "0-1"]
[Round "1"]
1.e4 e5
2.f4 exf4
3.Ng1f3 Ng8f6
4.e5 Nf6e4
5.d3 Ne4c5
6.Bc1xf4 Nb8c6
7.Bf1e2 Bf8e7
8.O-O O-O
9.d4 Nc5e4
10.Nb1d2 Ne4xd2
11.Qd1xd2 h6
12.d5 Nc6b8
13.Be2d3 c6
14.d6 Rf8e8
15.dxe7 Qd8xe7
 { time }
0-1

[Event "Tourn. n8177"]
[Site "www.chess-mail.com"]
[Date "2015.07.20"]
[Round "1"]
[White "Liencam2"]
[Black "Samael"]
[WhiteElo "2300"]
[BlackElo "2090"]
[Result "1-0"]
[Round "1"]
1.e4 e5
2.Ng1f3 d6
3.d4 exd4
4.c3 Ng8f6
5.Bf1d3 c5
6.cxd4 Bf8e7
7.dxc5 dxc5
8.O-O O-O
9.Qd1c2 g6
10.Bc1h6 Rf8e8
11.Nb1c3 Nb8c6
12.Ra1d1 Bc8d7
13.Bd3b5 a6
14.Bb5xc6 bxc6
15.h3 Qd8c7
16.e5 Bd7f5
17.Qc2c1 Nf6d7
18.Rf1e1 Be7f8
19.Bh6xf8 Nd7xf8
20.Nc3e4 Bf5xe4
21.Re1xe4 Ra8b8
22.b3 Rb8b4
23.Re4c4 Rb4xc4
24.Qc1xc4 Nf8d7
25.Rd1e1 Nd7xe5
26.Nf3xe5 Re8xe5
27.Re1xe5 Qc7xe5
28.Qc4xa6 Qe5d5
29.Qa6c4 Qd5xc4
30.bxc4 Kf8
31.h4 Ke7
32.g4 Kd6
33.f4 Kc7
34.f5 Kb7
35.Kf2 Kb6
36.Ke3 Ka5
37.Kd3  { time }
1-0

[Event "Tourn. n8276"]
[Site "www.chess-mail.com"]
[Date "2015.07.20"]
[Round "1"]
[White "Bira47"]
[Black "Neo"]
[WhiteElo "1739"]
[BlackElo "1720"]
[Result "1-0"]
[Round "1"]
1.c4 b6
2.g3 Bc8b7
3.Ng1f3 e6
4.Bf1g2 g6
5.Nb1c3 Bf8g7
6.O-O Ng8f6
7.d3 O-O
8.Bc1g5 d6
9.e4 Nb8d7
10.Rf1e1 c5
11.Ra1c1 Qd8c8
12.Qd1d2 Nf6g4
13.h3 Ng4e5
14.Re1d1 Ne5xf3
15.Bg2xf3 Nd7e5
16.Bf3g2 Bb7c6
17.Bg5h6 Rf8e8
18.Bh6xg7 Kxg7
19.b3 a5
20.d4 cxd4
21.Qd2xd4 Qc8d8
22.f4 Kg8
23.fxe5 dxe5
24.Qd4xe5 Qd8c8
25.Nc3b5 Bc6xb5
26.cxb5 Qc8b7
27.Rc1c7 Qb7b8
28.Rd1d7 a4
29.Rd7xf7 Re8f8
30.Qe5g7 
1-0

[Event "Tourn. n8203"]
[Site "www.chess-mail.com"]
[Date "2015.07.20"]
[Round "1"]
[White "Liencam2"]
[Black "Colchester"]
[WhiteElo "2290"]
[BlackElo "2020"]
[Result "1-0"]
[Round "1"]
1.e4 e6
2.Qd1e2 c5
3.g3 Nb8c6
4.c3 d6
5.Bf1g2 Ng8f6
6.f4 Bf8e7
7.Ng1f3 d5
8.d3 Qd8c7
9.O-O a6
10.Kh1 O-O
11.Bc1e3 dxe4
12.dxe4 Nf6xe4
13.Nb1d2 Ne4xd2
14.Nf3xd2 b5
15.c4 Ra8b8
16.b3 Be7f6
17.Ra1c1 Nc6d4
18.Qe2f2 Qc7a5
19.Nd2f3 bxc4
20.Rc1xc4 Bc8b7
21.Nf3xd4 cxd4
{ time. }
1-0

[Event "Tourn. n8203"]
[Site "www.chess-mail.com"]
[Date "2015.07.20"]
[Round "1"]
[White "Vasylpuzanov"]
[Black "Colchester"]
[WhiteElo "2210"]
[BlackElo "2020"]
[Result "1-0"]
[Round "1"]
1.e4 e6
2.d4 d5
3.Nb1d2 a6
4.Ng1f3 c5
5.dxc5 Bf8xc5
6.Nd2b3 Bc5b6
7.exd5 exd5
8.Bf1d3 Ng8f6
9.Qd1e2 Qd8e7
10.Qe2xe7 Kxe7
11.O-O Rh8e8
12.Bc1g5 Nb8d7
{ time. }
1-0

[Event "Tourn. n8202"]
[Site "www.chess-mail.com"]
[Date "2015.07.20"]
[Round "1"]
[White "Azulmarino"]
[Black "Iko"]
[WhiteElo "1550"]
[BlackElo "1490"]
[Result "0-1"]
[Round "1"]
1.e4 e5
2.Ng1f3 d6
3.Bf1c4 Ng8f6
4.Nb1c3 Nb8c6
5.d4 Bc8g4
6.Bc4e2 Bg4xf3
7.Be2xf3 Nc6xd4
8.Bc1g5 Nd4xf3
9.Qd1xf3 Bf8e7
10.Nc3d5 Nf6xd5
11.Bg5xe7 Nd5xe7
12.O-O Ne7g6
13.Ra1d1 Qd8g5
14.g3 Ng6h4
15.Qf3c3 Qg5g4
16.f3 Qg4g5
17.Qc3xc7 Qg5e3
18.Rf1f2 Nh4xf3
19.Kg2 Qe3xe4
20.Rf2xf3 Qe4e2
21.Rf3f2 Qe2xd1
22.Qc7xf7 Kd8
23.Qf7xg7 Qd1d5
24.Kg1 Rh8e8
25.Rf2f7 Qd5d1
26.Kg2 Qd1xc2
27.Kh3 e4
28.Rf7xb7 Qc2c6
29.Qg7f6 Kc8
30.Rb7xh7 e3
31.Qf6f5 Kd8
32.Qf5f1 e2
33.Qf1e1 Qc6b5
34.b3 Qb5f5
{ resign }
0-1

[Event "Tourn. n8202"]
[Site "www.chess-mail.com"]
[Date "2015.07.20"]
[Round "1"]
[White "Mitja"]
[Black "Azulmarino"]
[WhiteElo "1560"]
[BlackElo "1550"]
[Result "0-1"]
[Round "1"]
1.d4 d5
2.e3 Bc8f5
3.h3 Ng8f6
4.c3 Nf6e4
5.Nb1d2 e6
6.h4 Bf8d6
7.g4 Ne4xd2
8.Bc1xd2 Bf5e4
9.f3 Bd6g3
10.Ke2 Be4g6
11.h5 Qd8d7
12.hxg6 fxg6
13.Bd2e1 Qd7b5
14.Kd2 Qb5xb2
15.Qd1c2 Qb2xa1
16.Be1xg3 Qa1xf1
17.Bg3xc7 Nb8c6
18.Qc2d1 Qf1g2
19.Ng1e2 Qg2xf3
20.Bc7f4 e5
21.dxe5 O-O
22.g5 d4
23.cxd4 Nc6xd4
24.exd4 Ra8d8
25.Rh1f1 Qf3g2
26.Ke3 Rd8d5
27.Rf1g1 Qg2h3
28.Rg1g3 Qh3e6
29.Rg3g1 Rf8c8
30.Qd1d2 Rc8c4
31.Rg1c1 Qe6h3
32.Ke4 Rc4xc1
33.Qd2xc1 Qh3g2
34.Ke3 h6
35.gxh6 g5
36.Bf4g3 gxh6
37.Qc1c8 Kg7
38.Qc8xb7 Kf8
39.e6 Rd5e5
{ resign }
0-1

[Event "Tourn. n8089"]
[Site "www.chess-mail.com"]
[Date "2015.07.20"]
[Round "1"]
[White "Aperturaf"]
[Black "Cobraxx7"]
[WhiteElo "2410"]
[BlackElo "2690"]
[Result "1-0"]
[Round "1"]
1.e4 c5
2.Ng1f3 d6
3.d4 cxd4
4.Qd1xd4 Nb8c6
5.Bf1b5 Bc8d7
6.Bb5xc6 Bd7xc6
7.c4 Ng8f6
8.Nb1c3 g6
9.O-O Bf8g7
10.Qd4d3 O-O
11.Nf3d4 Qd8b6
12.Bc1e3 Nf6g4
13.Nc3d5 Bc6xd5
14.exd5 Qb6xb2
15.Rf1b1 Ng4e5
16.Rb1xb2 Ne5xd3
17.Rb2xb7 Rf8c8
18.Ra1d1 Bg7xd4
19.Rd1xd3 Bd4f6
20.Rb7b4 Rc8c7
21.Kf1 Kg7
22.Ke2 Ra8c8
23.Rd3a3 a5
24.Rb4a4 Rc7xc4
25.Ra4xc4 Rc8xc4
26.Kd3 Rc4c7
27.Ra3xa5 Rc7c3
28.Kd2 Rc3c4
29.a4 g5
30.Ra5a8 e6
31.dxe6 fxe6
32.a5 d5
33.Be3b6 Rc4b4
34.Bb6c5 Rb4b5
35.Bc5a3 g4
36.a6 Bf6d4
37.f3 gxf3
38.gxf3 e5
39.Ba3c1 Rb5a5
40.h3 Kf7
41.Kc2 Ke6
42.Bc1b2 Ra5a2
43.Kc1  { time }
1-0

[Event "Tourn. n8089"]
[Site "www.chess-mail.com"]
[Date "2015.07.20"]
[Round "1"]
[White "Numanoid"]
[Black "Aperturaf"]
[WhiteElo "2620"]
[BlackElo "2410"]
[Result "1/2-1/2"]
[Round "1"]
1.e4 e6
2.d4 d5
3.Nb1c3 Bf8b4
4.a3 Bb4xc3
5.bxc3 dxe4
6.Qd1g4 Ng8f6
7.Qg4xg7 Rh8g8
8.Qg7h6 c5
9.Ng1e2 Nb8d7
10.Ne2g3 Qd8c7
11.Qh6e3 cxd4
12.cxd4 Nd7b6
13.Bc1d2 Bc8d7
14.Ng3xe4 Nf6xe4
15.Qe3xe4 Nb6c4
16.Bd2b4 Bd7c6
17.Qe4xh7 O-O-O
18.Bf1xc4 Bc6xg2
19.Bc4xe6 fxe6
20.Qh7xc7 Kxc7
21.Rh1g1 Rd8xd4
22.f3 Rd4f4
23.O-O-O { draw }
1/2-1/2

[Event "Tourn. n8286"]
[Site "www.chess-mail.com"]
[Date "2015.07.20"]
[Round "1"]
[White "Sfalcao"]
[Black "Julian"]
[WhiteElo "1890"]
[BlackElo "1920"]
[Result "0-1"]
[Round "1"]
1.e4 c5
2.Ng1f3 d6
3.d4 cxd4
4.Nf3xd4 Ng8f6
5.Nb1c3 a6
6.Bc1e3 e5
7.Nd4b3 Bc8e6
8.Qd1d2 Nb8c6
9.O-O-O b5
10.f3 Bf8e7
11.Nc3d5 Be6xd5
12.exd5 { time. }
0-1

[Event "Tourn. n8233"]
[Site "www.chess-mail.com"]
[Date "2015.07.20"]
[Round "1"]
[White "Jasmartin"]
[Black "Olddog55"]
[WhiteElo "1690"]
[BlackElo "1730"]
[Result "1-0"]
[Round "1"]
1.d4 d5
2.c4 e6
3.g3 Ng8f6
4.Bf1g2 c6
5.Nb1c3 Qd8a5
6.Bc1d2 dxc4
7.Nc3e4 Qa5b5
8.Ne4xf6 gxf6
9.Bd2c3 e5
10.e4 f5
11.Ng1e2 Bf8h6
12.dxe5 O-O
13.Ne2d4 Qb5xe5
14.O-O fxe4
15.Nd4xc6 Qe5c5
16.Nc6xb8 Ra8xb8
17.Bg2xe4 f5
18.Be4d5 Rf8f7
19.b4 Qc5e7
20.Rf1e1 Bc8e6
21.Bd5xe6 Kf8
22.Be6xf7 Qe7xf7
23.Qd1d6 { resign }
1-0

[Event "Tourn. n8186"]
[Site "www.chess-mail.com"]
[Date "2015.07.20"]
[Round "1"]
[White "Silent1"]
[Black "Falcoale"]
[WhiteElo "1940"]
[BlackElo "1810"]
[Result "0-1"]
[Round "1"]
1.d4 Ng8f6
2.c4 e6
3.Nb1c3 b6
4.e4 Bf8b4
5.e5 Nf6e4
6.Bc1d2 Ne4xd2
7.Qd1xd2 Bc8b7
8.Ng1f3 Bb7xf3
9.gxf3 d6
10.O-O-O O-O
11.a3 Bb4xc3
12.Qd2xc3 d5
13.cxd5 Qd8xd5
14.Kb1 Nb8d7
15.Qc3xc7 Rf8c8
16.Qc7d6 Qd5xf3
17.Bf1d3 Nd7f8
18.Bd3a6 Rc8d8
19.Qd6b4 Nf8g6
20.Rd1f1 Ng6f4
21.Qb4d2 Ra8b8
22.Ba6b5 Nf4g6
23.Bb5d3 Rd8xd4
24.Rf1d1 Rb8d8
25.Bd3e2 Qf3f5
26.Qd2c2 Rd4xd1
27.Be2xd1 Qf5xc2
28.Bd1xc2 Ng6xe5
29.Rh1e1 Ne5f3
30.Re1h1 Rd8d2
31.Rh1d1 Rd2xd1
32.Bc2xd1 Nf3xh2
33.Bd1e2 f5
34.Kc2 Nh2g4
35.Be2xg4 fxg4
36.Kd2 Kf7
37.Ke3 h5
38.Kf4 Kf6
{ resign }
0-1

[Event "Tourn. n8233"]
[Site "www.chess-mail.com"]
[Date "2015.07.20"]
[Round "1"]
[White "Generalfree"]
[Black "Olddog55"]
[WhiteElo "1770"]
[BlackElo "1730"]
[Result "1-0"]
[Round "1"]
1.e4 c6
2.d4 d5
3.e5 f6
4.f4 e6
5.exf6 gxf6
6.Qd1h5 Ke7
7.b3 f5
8.Ng1f3 Ng8f6
9.Qh5g5 Rh8g8
10.Qg5h4 Rg8g4
11.Qh4f2 Kf7
12.Nf3e5 Kg8
13.h3 Rg4g7
14.Bf1e2 Nf6e4
15.Qf2f3 Bf8b4
16.c3 Ne4xc3
17.Nb1xc3 Qd8a5
18.Bc1b2 c5
19.dxc5 Qa5xc5
20.O-O-O d4
21.Ne5d3 Qc5a5
22.Nd3xb4 Qa5xb4
23.a3 Qb4xb3
24.Rd1xd4 Nb8c6
25.Rd4d6 e5
26.fxe5 Nc6xe5
27.Rd6d8 Kf7
28.Qf3h5 Ke6
29.Rd8e8 Kd6
30.Qh5h6 Rg7g6
31.Qh6xh7 Rg6xg2
32.Qh7e7 Kc6
33.Qe7xe5 Qb3f7
34.Be2f3 { resign }
1-0

[Event "Tourn. n8233"]
[Site "www.chess-mail.com"]
[Date "2015.07.20"]
[Round "1"]
[White "Anja"]
[Black "Generalfree"]
[WhiteElo "1750"]
[BlackElo "1770"]
[Result "0-1"]
[Round "1"]
1.d4 Nb8c6
2.e4 d5
3.e5 f6
4.f4 e6
5.Bf1b5 Bc8d7
6.Ng1f3 a6
7.Bb5xc6 Bd7xc6
8.O-O Ng8h6
9.Nb1c3 Nh6f5
10.Bc1d2 Bf8b4
11.a3 Bb4xc3
12.bxc3 Bc6b5
13.Rf1f2 h6
14.a4 Bb5c4
15.Nf3e1 g5
16.Qd1h5 Ke7
 { time }
0-1

[Event "Tourn. n8226"]
[Site "www.chess-mail.com"]
[Date "2015.07.20"]
[Round "1"]
[White "Nimzo"]
[Black "Cathar"]
[WhiteElo "2720"]
[BlackElo "2270"]
[Result "1-0"]
[Round "1"]
1.d4 f5
2.g3 Ng8f6
3.Bf1g2 g6
4.Ng1f3 Bf8g7
5.O-O O-O
6.c4 d6
7.Nb1c3 c6
8.b3 Nb8a6
9.Bc1b2 Bc8d7
10.Rf1e1 Rf8e8
11.e4 e5
12.Qd1d2 Qd8c7
13.Ra1c1 Ra8d8
14.a3 Bd7c8
15.b4 Na6b8
16.d5 Nb8d7
17.c5 dxc5
18.exf5 Nd7b6
19.bxc5 Nb6xd5
20.fxg6 hxg6
21.Nc3xd5 Nf6xd5
22.Qd2g5 Bc8f5
23.Bb2xe5 Bg7xe5
24.Nf3xe5 Re8xe5
25.Re1xe5 { resign }
1-0

[Event "Tourn. n8091"]
[Site "www.chess-mail.com"]
[Date "2015.07.20"]
[Round "1"]
[White "Vasylpuzanov"]
[Black "Francesco"]
[WhiteElo "2140"]
[BlackElo "2100"]
[Result "1-0"]
[Round "1"]
1.e4 c6
2.d4 d5
3.Nb1d2 dxe4
4.Nd2xe4 Bc8f5
5.Ne4g3 Bf5g6
6.Ng1f3 e6
7.Bf1d3 Bg6xd3
8.Qd1xd3 Ng8f6
9.O-O Bf8d6
10.Bc1g5 O-O
11.a3 Nb8d7
12.Rf1e1 Bd6xg3
13.hxg3 h6
14.Bg5f4 Nf6d5
15.Bf4d6 Rf8e8
16.c4 Nd5f6
17.Qd3b3 b6
18.Nf3e5 Ra8c8
19.Qb3a4 c5
20.Ne5c6 Rc8xc6
21.Qa4xc6 cxd4
22.Ra1d1 e5
23.Qc6b7 Re8e6
24.Bd6c7 Qd8e8
25.b4 Qe8e7
26.Qb7xa7 Nf6e8
27.Qa7a8 Kh7
28.Bc7d8 Qe7d6
29.Qa8b7 Nd7f6
30.Qb7xf7 e4
31.Bd8xf6 Ne8xf6
32.Rd1xd4 Qd6xd4
33.Qf7xe6 Qd4d3
34.Qe6xb6 Qd3xc4
35.Qb6c5 { resign }
1-0

[Event "Tourn. n8279"]
[Site "www.chess-mail.com"]
[Date "2015.07.20"]
[Round "1"]
[White "Culiflori"]
[Black "Cheminet"]
[WhiteElo "999"]
[BlackElo "1420"]
[Result "1-0"]
[Round "1"]
1.e4 e6
2.d4 d5
3.Nb1c3 c5
4.Ng1f3 Nb8c6
5.Bc1e3 Qd8a5
6.Bf1b5 Ng8f6
7.Bb5xc6 bxc6
8.exd5 cxd5
9.O-O Bc8a6
10.Rf1e1 cxd4
11.Be3xd4 Bf8c5
12.Nf3e5 Ra8c8
13.a3 O-O
14.b4 Bc5xd4
15.bxa5 Bd4xc3
16.Qd1f3 Bc3xa1
17.Re1xa1 Rc8xc2
18.h3 Nf6e4
19.Qf3e3 Rf8c8
20.f3 Rc8c7
21.fxe4 Rc2c3
22.Qe3e1 d4
23.Kh2 Rc3e3
24.Qe1b4 Re3c3
25.Qb4b8 Rc7c8
26.Qb8xa7 d3
27.Ra1d1 Ba6b5
28.Qa7xf7 Kh8
29.Qf7xe6 h6
30.Qe6b6 Bb5a4
31.Rd1xd3 Ba4c2
32.Rd3d8 Rc8xd8
33.Qb6xd8 Kh7
34.Qd8d6 Rc3e3
35.Qd6d2 Re3xe4
36.Qd2xc2 { resign }
1-0

[Event "Tourn. n8279"]
[Site "www.chess-mail.com"]
[Date "2015.07.20"]
[Round "1"]
[White "Fangshuo1"]
[Black "Culiflori"]
[WhiteElo "1499"]
[BlackElo "999"]
[Result "1-0"]
[Round "1"]
1.e4 c5
2.c3 Nb8c6
3.Ng1f3 d6
4.d4 cxd4
5.cxd4 Bc8g4
6.Bc1e3 Qd8b6
7.b3 Bg4xf3
8.gxf3 Qb6a5
9.Qd1d2 Qa5xd2
10.Nb1xd2 Nc6b4
11.Kd1 g6
12.a3 Nb4c6
13.d5 Nc6e5
14.Ke2 Bf8g7
15.Bf1h3 Ng8f6
16.Ra1c1 O-O
17.Rc1c7 Rf8e8
18.Rh1g1 b6
19.f4 { resign }
1-0

[Event "Tourn. n8152"]
[Site "www.chess-mail.com"]
[Date "2015.07.20"]
[Round "1"]
[White "Wrightdjohn"]
[Black "Piwi123"]
[WhiteElo "2160"]
[BlackElo "2090"]
[Result "1-0"]
[Round "1"]
1.e4 e5
2.Bf1c4 Ng8f6
3.d3 Bf8c5
4.Ng1f3 Nb8c6
5.c3 O-O
6.O-O d5
7.exd5 Nf6xd5
8.h3 Rf8e8
9.Rf1e1 Bc8f5
10.d4 exd4
11.Re1xe8 Qd8xe8
12.Bc4xd5 Ra8d8
13.Bd5xc6 Qe8xc6
14.cxd4 h6
15.Bc1e3 Bc5d6
16.Nb1c3 Qc6d7
17.Nf3e5 Qd7e6
18.Qd1h5 c5
19.Ne5f3 c4
20.Qh5h4 Rd8e8
21.Ra1e1 a6
22.Be3d2 Qe6d7
23.Re1xe8 Qd7xe8
24.g4 Bf5d3
25.Nf3e5 Bd6xe5
26.dxe5 Qe8xe5
27.Qh4d8 Kh7
28.Qd8d7 b5
29.Qd7xf7 b4
30.Nc3d5 c3
31.bxc3 bxc3
32.Bd2xc3 Qe5g5
33.Nd5f6 { resign }
1-0

[Event "Tourn. n8152"]
[Site "www.chess-mail.com"]
[Date "2015.07.20"]
[Round "1"]
[White "Difficult"]
[Black "Piwi123"]
[WhiteElo "2060"]
[BlackElo "2090"]
[Result "1/2-1/2"]
[Round "1"]
1.d4 d5
2.Ng1f3 Ng8f6
3.c4 dxc4
4.e3 b5
5.a4 c6
6.axb5 cxb5
7.b3 Bc8e6
8.bxc4 Be6xc4
9.Bf1xc4 bxc4
10.Nf3e5 e6
11.Qd1a4 Nb8d7
12.O-O Bf8e7
13.Ne5xc4 O-O
14.Bc1a3 Nf6e4
15.Ba3xe7 Qd8xe7
16.Nb1a3 Nd7b6
17.Qa4c2 Ne4d6
18.Nc4xd6 Qe7xd6
19.Na3b5 Qd6d7
20.Qc2b3 a6
{ draw }
1/2-1/2

[Event "Tourn. n8209"]
[Site "www.chess-mail.com"]
[Date "2015.07.20"]
[Round "1"]
[White "Anja"]
[Black "Attatroll"]
[WhiteElo "1710"]
[BlackElo "1900"]
[Result "1-0"]
[Round "1"]
1.d4 f5
2.Bc1f4 d6
3.Ng1f3 Ng8f6
4.e3 g6
5.c4 Bf8g7
6.Bf1d3 O-O
7.O-O c6
8.Nb1c3 h6
9.e4 g5
10.Bf4d2 f4
11.Qd1c2 Bc8g4
12.Nf3e1 Nb8a6
13.f3 Bg4h5
14.a3 Na6c7
15.e5 dxe5
16.dxe5 Nf6e8
17.g3 Qd8d4
18.Kg2 Nc7e6
19.Nc3e4 Bg7xe5
20.Bd2c3 Bh5xf3
21.Ne1xf3 Qd4e3
22.Bc3xe5 fxg3
23.hxg3 Ra8d8
24.Ne4d6 Ne8xd6
25.Bd3h7 Kf7
26.Qc2g6 
1-0

[Event "Tourn. n8209"]
[Site "www.chess-mail.com"]
[Date "2015.07.20"]
[Round "1"]
[White "Attatroll"]
[Black "Oliverio"]
[WhiteElo "1900"]
[BlackElo "1720"]
[Result "1-0"]
[Round "1"]
1.e4 c5
2.d4 cxd4
3.c3 g6
4.cxd4 Bf8g7
5.Ng1f3 Nb8c6
6.Nb1c3 d6
7.Bc1e3 Ng8f6
8.Bf1b5 a6
9.Bb5a4 O-O
10.O-O b5
11.Ba4c2 Bc8b7
12.e5 dxe5
13.dxe5 Nf6g4
14.Be3f4 Ng4xe5
15.Nf3xe5 Nc6xe5
16.Bf4xe5 Bg7xe5
17.Bc2b3 Qd8c7
18.h3 Ra8d8
19.Qd1e2 Qc7c6
20.f3 Qc6c5
21.Kh1 e6
22.Ra1c1 Be5f4
23.Nc3e4 Qc5e7
24.Ne4c5 Rd8d2
25.Qe2e1 Qe7g5
26.g4  { time }
1-0

[Event "Tourn. n8119"]
[Site "www.chess-mail.com"]
[Date "2015.07.20"]
[Round "1"]
[White "Anja"]
[Black "Theboss"]
[WhiteElo "1730"]
[BlackElo "1780"]
[Result "0-1"]
[Round "1"]
1.d4 d5
2.Ng1f3 Bc8g4
3.Bc1f4 e6
4.e3 a6
5.c4 Bf8b4
6.Nb1c3 Bb4xc3
7.bxc3 dxc4
8.Bf1xc4 b5
9.Bc4d3 Ng8f6
10.h3 Bg4f5
11.Bd3xf5 exf5
12.O-O h6
13.Qd1b3 O-O
14.Ra1d1 Nf6e4
15.Nf3e5 Qd8e7
16.c4 c5
17.cxb5 axb5
18.f3 Ne4d6
19.dxc5 Nd6c4
20.Ne5xc4 bxc4
21.Qb3xc4 Nb8c6
22.e4 Ra8a5
23.Bf4d6 Qe7e6
24.Qc4xe6 fxe6
25.Bd6xf8 Kxf8
26.Rd1d6 Ra5xc5
27.Rd6xe6 Nc6d4
28.Re6b6 f4
29.a4 Nd4e2
30.Kh2 Ne2g3
31.Rf1a1 Ng3e2
32.a5 Ne2d4
33.a6 Nd4c6
34.Rb6xc6 Rc5xc6
35.a7 Rc6c8
 { time }
0-1

[Event "Tourn. n8273"]
[Site "www.chess-mail.com"]
[Date "2015.07.20"]
[Round "1"]
[White "Liencam2"]
[Black "Guidom"]
[WhiteElo "2280"]
[BlackElo "2070"]
[Result "1/2-1/2"]
[Round "1"]
1.e4 e5
2.Ng1f3 Nb8c6
3.d4 exd4
4.c3 dxc3
5.Bf1c4 d6
6.O-O Bc8e6
7.Bc4xe6 fxe6
8.Qd1b3 Qd8c8
9.Nf3g5 Nc6d8
10.Nb1xc3 h6
11.Ng5h3 Ng8f6
12.f4 Bf8e7
13.f5 e5
14.Nh3f4 Qc8d7
15.Nf4g6 Rh8g8
16.Nc3d5 Nf6xd5
17.Qb3xd5 Nd8f7
18.Qd5xb7 Qd7c8
19.Qb7c6 Kd8
20.Bc1e3 Ra8b8
21.b3 Qc8b7
22.Qc6c4 Ke8
23.Qc4e6 c5
24.f6 gxf6
25.Rf1xf6 Rg8g7
26.Ra1f1 Qb7d7
27.Be3xh6 Qd7xe6
28.Rf6xe6 Nf7xh6
29.Rf1f8 Kd7
30.Re6xe7 Rg7xe7
31.Rf8xb8 Re7f7
32.Rb8b7 Ke6
33.Rb7xf7 Nh6xf7
34.Ng6h4 Nf7g5
35.Kf2 Ng5xe4
36.Ke3 d5
37.Nh4f3 Ne4f6
38.Nf3d2 Nf6g4
39.Kf3 Kf5
40.h3 e4
41.Ke2 Ng4e5
42.g3 a5
43.a3 Ne5d3
44.Nd2f1 Nd3c1
45.Kd1 Nc1xb3
{ draw }
1/2-1/2

[Event "Tourn. n8150"]
[Site "www.chess-mail.com"]
[Date "2015.07.20"]
[Round "1"]
[White "Wegaman"]
[Black "Samael"]
[WhiteElo "1880"]
[BlackElo "2080"]
[Result "1-0"]
[Round "1"]
1.d4 d5
2.c4 e6
3.Nb1c3 Ng8f6
4.Bc1g5 Bf8e7
5.Ng1f3 h6
6.Bg5h4 Nb8c6
7.e3 O-O
8.Bf1e2 dxc4
9.Be2xc4 a6
10.O-O Nf6h7
11.Bh4xe7 Qd8xe7
12.Bc4b3 Bc8d7
13.Bb3c2 Nc6b4
14.Bc2b1 Bd7c6
15.a3 Nb4d5
16.Nc3xd5 Bc6xd5
17.Qd1d3 f5
18.Nf3e5 Qe7e8
19.Ne5g4 Bd5e4
20.Qd3c4 Be4xb1
21.Ra1xb1 fxg4
22.Qc4xc7 Qe8f7
23.Qc7g3 h5
24.h3 Qf7f5
25.hxg4 Qf5xg4
26.Qg3e5 Qg4f5
27.Qe5g3 Ra8c8
28.b4 Rc8c3
29.a4 Qf5g5
30.Qg3d6 Qg5f6
31.Qd6g3 Rf8d8
32.b5 axb5
33.Rb1xb5 Qf6f7
34.Rf1b1 Rc3c7
35.Rb5xh5  { time }
1-0

[Event "Tourn. n8148"]
[Site "www.chess-mail.com"]
[Date "2015.07.20"]
[Round "1"]
[White "Passaroa25"]
[Black "Anja"]
[WhiteElo "1560"]
[BlackElo "1680"]
[Result "0-1"]
[Round "1"]
1.e4 Ng8f6
2.Bf1d3 e5
3.Ng1e2 Bf8c5
4.O-O O-O
5.Kh1 d5
6.Ne2g3 Nf6g4
7.f3 Ng4f2
8.Rf1xf2 Bc5xf2
9.Nb1c3 c6
10.Bd3e2 Bc8e6
11.Qd1f1 Bf2b6
12.d3 dxe4
13.Nc3xe4 Nb8d7
14.b4 Qd8e7
15.Bc1d2 Nd7f6
16.Ne4c5 Bb6xc5
17.Qf1b1 Bc5b6
18.c4 Bb6d4
19.Ng3e4 Nf6xe4
20.fxe4 Bd4xa1
21.Qb1xa1 f6
22.c5 Ra8d8
23.a4 Be6c4
24.dxc4 Rd8xd2
25.Be2f3 Rf8d8
26.Qa1f1 Qe7d7
27.h4 Rd2d1
28.Bf3xd1 Qd7xd1
29.Qf1xd1 Rd8xd1
30.Kh2 Rd1d4
31.g3 Rd4xe4
32.b5 Re4xc4
33.bxc6 bxc6
34.a5 Rc4xc5
35.a6 e4
{ resign }
0-1

[Event "Tourn. n8122"]
[Site "www.chess-mail.com"]
[Date "2015.07.20"]
[Round "1"]
[White "Oliverio"]
[Black "Powerchess"]
[WhiteElo "1520"]
[BlackElo "1400"]
[Result "1-0"]
[Round "1"]
1.e4 d6
2.d4 Ng8f6
3.Nb1c3 g6
4.h3 Bf8g7
5.Ng1f3 O-O
6.Bf1c4 Nf6xe4
7.Nc3xe4 d5
8.Bc4d3 dxe4
9.Bd3xe4 Nb8d7
10.O-O Nd7f6
11.Be4d3 b6
12.c3 Bc8b7
13.Qd1e2 e6
14.Nf3e5 Qd8d5
15.f3 c5
16.Bc1e3 cxd4
17.Be3xd4 Ra8c8
18.a3 Rf8d8
19.Ra1d1 Qd5d6
20.Bd3b1 Qd6e7
21.Rf1e1 Nf6d5
22.Qe2f2 Nd5f6
23.Qf2h4 Nf6d5
24.Qh4f2 Nd5f6
25.Bb1a2 Bb7d5
26.Ba2b1 Bd5b7
27.Bb1a2 Bb7d5
28.Ba2b1 { time. }
1-0